000 00662nam a2200217 4500
003 OSt
005 20240722081949.0
006 a
008 240722b |||||||| |||| 00| 0 eng d
020 _a9780495099710
040 _aDWCL-Main lib.
_cOC
082 _2Fifth edition
_aCirc. 401.9 C292p 2008
100 _aCarroll, David W.
245 _aPsychology of language /
250 _aFifth edition
260 _aAustralia :
_bThomson Wadsworth,
_cc2008.
300 _axx,
_b496p. : ill. ;
_c24 cm.
504 _aIncludes bibliographical references & indexes.
650 _a1. Psycholinguistics - Textbooks.
942 _2ddc
_n0
_cBK-CIRC
_eFifth edition
_kCirc.
999 _c2549
_d2549